| 000 | 01075cam a2200241 4500 | ||
|---|---|---|---|
| 001 | WB@3612-554 | ||
| 008 | 040707n2004 000 0 eng u | ||
| 035 | _a(Sirsi) u126733 | ||
| 245 | _aStrong year for property investment | ||
| 260 | _v2004 | ||
| 490 |
_aEstates Gazette _v(0427) 3 July 2004, 37(1) |
||
| 520 | _aInstitutions say they are on target for a strong year of property investment, despite figures that showed them selling out of the sector in the first quarter of 2004. Latest National Statistics figures on institutional investment showed pension funds and insurance companies sold £396m more of direct property than they bought in the first three months of this year. Although fund managers believe the statistics hide major investment in indirect vehicles. | ||
| 590 | _aWB | ||
| 590 | _aWB | ||
| 650 | _aINDIRECT PROPERTY INVESTMENT | ||
| 650 | _aFUND MANAGERS | ||
| 650 | _aINSTITUTIONAL INVESTMENT | ||
| 650 | _aPROPERTY-COMMERCIAL PROPERTY | ||
| 650 | _aYIELDS | ||
| 650 | _aINVESTMENT VEHICLES | ||
| 690 | _aINVESTMENT | ||
| 942 | _n0 | ||
| 999 |
_c117667 _d117667 |
||